Avances de Investigación/
Gespeichert in:
| Körperschaft: | |
|---|---|
| Format: | Buch |
| Sprache: | Spanish |
| Veröffentlicht: |
San José, Costa Rica
UCR. FCS. CIH
|
| Schlagworte: | |
| Tags: |
Tag hinzufügen
Keine Tags, Fügen Sie den ersten Tag hinzu!
|
MARC
| LEADER | 00000nam a22000007a 4500 | ||
|---|---|---|---|
| 003 | cru CIDCACS/IIS | ||
| 005 | 20200617124637.0 | ||
| 007 | ta | ||
| 008 | 200617n cr |||p|r||||||0| ||spa|d | ||
| 999 | |c 43189 |d 43189 | ||
| 040 | |c cru CIDCACS/IIS | ||
| 090 | |a REV0058 | ||
| 110 | 1 | |9 9356 |a Universidad de Costa Rica. |b Facultad de Ciencias Sociales. Centro de Investigaciones Históricas | |
| 245 | 1 | |a Avances de Investigación/ |c Universidad de Costa Rica. Facultad de Ciencias Sociales. Centro de Investigaciones Históricas | |
| 260 | |a San José, Costa Rica |b UCR. FCS. CIH | ||
| 270 | |a Ciudad Universitaria Rodrigo Facio |b San Pedro de Montes de Oca |c San José |d Costa Rica |e Código 2060 | ||
| 500 | |a EXISTENCIAS PPS (s):1978 (1) 1979 (2) 1981 (4-5) 1984 (10) 1985 (11) 1986 (14, 17-19, 24) 1987 (21-23, 25-38) 1988 (39-42, 44-46) 1989 (47-48) 1990 (50-51) 1991 (52-55, 57, 58) 1992 (59-63) 1993 (64, 66-67) 1994 (68-71) 1997 (77) 2000 (78) Irregular | ||
| 650 | 0 | |9 136 |a HISTORIA | |
| 650 | 0 | |9 75 |a CIENCIAS SOCIALES | |
| 650 | 0 | |9 237 |a INVESTIGACION SOCIAL | |
| 650 | 0 | |9 3063 |a EPOCA COLONIAL | |
| 651 | 1 | 0 | |9 32 |a COSTA RICA |
| 942 | |2 ddc |c PP | ||
